EU SILC 2005 zisťovanie o príjmoch a životných podmienkach domácností v SR
Guardado en:
| Formato: | Libro |
|---|---|
| Lenguaje: | eslovaco |
| Publicado: |
Bratislava
Štatistický úrad Slovenskej republiky
2006
|
| Colección: | Demografia a sociálna štatistika
|
| Materias: | |
| Etiquetas: |
Sin Etiquetas, Sea el primero en etiquetar este registro!
|
MARC
| LEADER | 00000nam$a2200000$$$4500 | ||
|---|---|---|---|
| 001 | 0052328 | ||
| 005 | 20240104135216.3 | ||
| 041 | 0 | |a slo | |
| 044 | |a SK | ||
| 245 | 1 | 0 | |a EU SILC 2005 |b zisťovanie o príjmoch a životných podmienkach domácností v SR |
| 264 | 1 | |a Bratislava |b Štatistický úrad Slovenskej republiky |c 2006 | |
| 300 | |a 91 s. | ||
| 490 | 1 | |a Demografia a sociálna štatistika | |
| 830 | 0 | |a Demografia a sociálna štatistika | |
| 610 | 2 | 0 | |a domácnosti |
| 610 | 2 | 0 | |a kraje |
| 610 | 2 | 0 | |a príjmy |
| 610 | 2 | 0 | |a aktivita hospodárska |
| 610 | 2 | 0 | |a bývanie |
| 610 | 2 | 0 | |a zdravie |
| 610 | 2 | 0 | |a zamestnanosť |
| 610 | 2 | 0 | |a Slovensko |